| 000 | 01000nam a2200289 a 4500 | ||
|---|---|---|---|
| 001 | BRCA_5136 | ||
| 005 | 20190320204944.0 | ||
| 008 | 191110s1952----sp-a######---#000-0#spa-# | ||
| 041 | _aspa | ||
| 044 | _asp | ||
| 050 | 4 |
_aNA5811 _b.M66 5 1952 |
|
| 100 | 1 |
_aVerrié, F. P. _913117 |
|
| 245 | 1 | 0 |
_aBarcelona antigua _cpor F. P. Verrié ; a translation of both the text and captions of the ilustrations by Juan Macnab Calder. |
| 260 |
_aMadrid _bPlus-Ultra _c1952 |
||
| 300 |
_a156 p. _bil. _c21 cm. |
||
| 440 | 0 |
_aLos monumentos cardinales de España _v12 _913118 |
|
| 500 | _aIncluye índice de ilustraciones | ||
| 500 | _aVer también C24, E2, E3, E18, E19, E21, E22, E23, E24, E25, E26, E27 | ||
| 500 | _aE20 | ||
| 504 | _aBibliografía: p. [157] | ||
| 546 | _aTexto en: español e inglés | ||
| 650 | 1 | 4 |
_aArquitectura _zBarcelona, España _913119 |
| 650 | 1 | 4 |
_aArquitectura religiosa _zEspaña _97863 |
| 700 | 1 |
_aMacnab Calder, Juan _eTraductor _913120 |
|
| 902 | _aGFM | ||
| 942 |
_2lcc _cB |
||
| 999 |
_c4830 _d4830 |
||